[Event "Jaipur op 2nd"]
[Site "Jaipur"]
[Date "2025.04.26"]
[Round "7"]
[White "Pazhnay, Kaushal Kohli"]
[Black "Tanna, Krish Alpeshbhai"]
[Result "0-1"]
[WhiteElo "1764"]
[BlackElo "1881"]
[PlyCount "46"]
[EventDate "2025.04.23"]
[EventType "swiss"]
[EventRounds "9"]
[EventCountry "IND"]
[SourceTitle "CB18_2025"]
[SourceDate "2025.04.30"]
[SourceVersion "1"]
[SourceVersionDate "2025.04.30"]
[SourceQuality "1"]

1. d4 g6 2. e4 Bg7 3. Nf3 d6 4. c4 Nf6 5. Nc3 0-0 6. Be2 Bg4 7. h3 Bxf3 8. Bxf3 Nfd7 9. 0-0 Nc6 10. Be3 e5 11. d5 Nd4 12. Bxd4 exd4 13. Nb5 d3 14. Qxd3 Bxb2 15. Rab1 Bg7 16. Qc2 Nc5 17. g3 a6 18. Nc3 Qf6 19. Na4 Nxa4 20. Qxa4 Qxf3 21. Rxb7 Bd4 22. Rb3 Qxe4 23. Qc6 Bb6 0-1

[Event "Jaipur op 2nd"]
[Site "Jaipur"]
[Date "2025.04.25"]
[Round "5"]
[White "Sharma, Pankaj1"]
[Black "Tanna, Krish Alpeshbhai"]
[Result "0-1"]
[WhiteElo "1761"]
[BlackElo "1881"]
[PlyCount "92"]
[EventDate "2025.04.23"]
[EventType "swiss"]
[EventRounds "9"]
[EventCountry "IND"]
[SourceTitle "CB18_2025"]
[SourceDate "2025.04.30"]
[SourceVersion "1"]
[SourceVersionDate "2025.04.30"]
[SourceQuality "1"]

1. d4 g6 2. Nc3 Bg7 3. e4 d6 4. Bf4 Nc6 5. Nge2 e5 6. Be3 exd4 7. Nxd4 Nf6 8. f3 Bd7 9. Qd2 a6 10. 0-0-0 Qe7 11. Nb3 Be6 12. Kb1 0-0-0 13. Nd5 Bxd5 14. exd5 Nxd5 15. Qxd5 Qxe3 16. Bxa6 Qe5 17. Qxe5 Nxe5 18. Be2 Rhe8 19. f4 Nd7 20. Rhe1 f5 21. Bf3 Nf6 22. c3 Ne4 23. Kc2 d5 24. Nd2 c6 25. Nf1 Re7 26. Bxe4 Rxe4 27. Rxe4 fxe4 28. Ne3 Rf8 29. g3 Kd7 30. b4 Ke6 31. Kb3 b5 32. a4 bxa4+ 33. Kxa4 Bxc3 34. Kb3 Bg7 35. Rc1 Kd6 36. Rd1 Kc7 37. Rc1 Kb6 38. Rd1 h5 39. Rc1 h4 40. Rd1 hxg3 41. hxg3 Rh8 42. Rd2 Rh3 43. Rg2 Rh1 44. f5 Re1 45. Nc2 Rb1+ 46. Ka3 gxf5 0-1